000 00350nam a2200133Ia 4500
008 240624s9999 xx 000 0 und d
041 _aeng
082 _a658.15120218 IAS
100 _aTAXMANN
245 _aIFRS INTERNATIONAL FINANCIAL REPORTING S
260 _c2010
_aNew Delhi
_bTaxmann
300 _avii, : 1178 : p. : cm. ; 24
365 _cRS
_b28
999 _c16621
_d16621